[Event "Titled Tuesday intern op 25th Jul Late"]
[Site "Chess.com INT"]
[Date "2023.07.25"]
[Round "4"]
[White "Barwinska, Ewa"]
[Black "Medina Paz, Miguel"]
[Result "0-1"]
[WhiteElo "2029"]
[BlackElo "2368"]
[PlyCount "124"]
[EventDate "2023.07.25"]
[EventType "swiss (blitz)"]
[EventRounds "11"]
[EventCountry "USA"]
[SourceTitle "EXT 2024"]
[Source "ChessBase"]
[SourceDate "2023.10.10"]
[SourceVersion "1"]
[SourceVersionDate "2023.10.10"]
[SourceQuality "1"]

1. e4 e6 2. d4 d5 3. Nc3 Bb4 4. a3 Bxc3+ 5. bxc3 Ne7 6. Qg4 0-0 7. Bd3 e5 8. Qg3 dxe4 9. Bxe4 Bf5 10. Bxb7 Nbc6 11. Bxa8 Qxa8 12. Ne2 Bxc2 13. dxe5 Nf5 14. Qf4 Re8 15. 0-0 Nxe5 16. Ng3 Ng6 17. Qxc7 Nfh4 18. f3 Bd3 19. Rd1 Bc2 20. Rf1 Qd5 21. Bf4 h6 22. Rae1 Re6 23. Rxe6 Qxe6 24. Qd6 Qc4 25. Be3 Bd3 26. Re1 Qa2 27. Bf2 Nxg2 28. Kxg2 Nh4+ 29. Kg1 Nxf3+ 30. Kh1 Nxe1 31. Qd8+ Kh7 32. Qd4 Qe6 33. Bxe1 Qxe1+ 34. Kg2 Bg6 35. Qf2 Qe6 36. Qxa7 Qa2+ 37. Kh3 f5 38. Qd4 Qxa3 39. Ne2 Bh5 40. Nf4 Bg4+ 41. Kg3 Qc1 42. h3 Bd1 43. Qd3 Bc2 44. Qf3 Qg1+ 45. Ng2 Be4 46. Qf2 Qc1 47. Nh4 Qg5+ 48. Kh2 f4 49. Nf3 Qd5 50. Nd4 g5 51. h4 Kg6 52. hxg5 hxg5 53. Qg1 Qd8 54. Qg4 Qh8+ 55. Kg1 Qh1+ 56. Kf2 Qh2+ 57. Ke1 Qh4+ 58. Qxh4 gxh4 59. Kf2 Kg5 60. Ne2 Kg4 61. Ng1 h3 62. Ne2 h2 0-1

[Event "Titled Tuesday intern op 25th Jul Late"]
[Site "Chess.com INT"]
[Date "2023.07.25"]
[Round "8"]
[White "Rangel, Daniel"]
[Black "Medina Paz, Miguel"]
[Result "1/2-1/2"]
[WhiteElo "2199"]
[BlackElo "2368"]
[PlyCount "109"]
[EventDate "2023.07.25"]
[EventType "swiss (blitz)"]
[EventRounds "11"]
[EventCountry "USA"]
[SourceTitle "EXT 2024"]
[Source "ChessBase"]
[SourceDate "2023.10.10"]
[SourceVersion "1"]
[SourceVersionDate "2023.10.10"]
[SourceQuality "1"]

1. c4 e6 2. g3 Nf6 3. Bg2 d5 4. Nf3 Be7 5. 0-0 0-0 6. b3 c6 7. Bb2 b6 8. d3 Bb7 9. Nbd2 c5 10. e3 Nc6 11. Qe2 Qc7 12. a3 a5 13. a4 Rfd8 14. Rad1 d4 15. e4 Nd7 16. Bc1 Re8 17. Nb1 Bd6 18. Na3 Ba6 19. Nh4 g6 20. f4 f5 21. Nb5 Bxb5 22. cxb5 Nb4 23. e5 Be7 24. Bxa8 Rxa8 25. Nf3 Qb7 26. Nd2 Nd5 27. Qf3 Qc8 28. Nc4 Kf7 29. Rde1 Qc7 30. Re2 Re8 31. Bd2 Bf8 32. Rg2 Ke7 33. Kh1 Kd8 34. h3 Kc8 35. g4 Qb7 36. gxf5 exf5 37. h4 Be7 38. h5 Nf8 39. Kg1 Kb8 40. Qh3 Qd7 41. Qf3 Qe6 42. Rff2 Rd8 43. Re2 Qf7 44. hxg6 hxg6 45. Rh2 Ne6 46. Reg2 Kc7 47. Rh3 Nf8 48. Rgh2 Qg7 49. Kf2 Qf7 50. Rh8 Qe6 51. R8h6 Qf7 52. Qg2 Qe6 53. Qf3 Qf7 54. Qg2 Qe6 55. Qf3 1/2-1/2

[Event "Titled Tuesday intern op 25th Jul Late"]
[Site "Chess.com INT"]
[Date "2023.07.25"]
[Round "2"]
[White "Tarasova, Viktoriya"]
[Black "Medina Paz, Miguel"]
[Result "0-1"]
[WhiteElo "2226"]
[BlackElo "2368"]
[PlyCount "98"]
[EventDate "2023.07.25"]
[EventType "swiss (blitz)"]
[EventRounds "11"]
[EventCountry "USA"]
[SourceTitle "EXT 2024"]
[Source "ChessBase"]
[SourceDate "2023.10.10"]
[SourceVersion "1"]
[SourceVersionDate "2023.10.10"]
[SourceQuality "1"]

1. d4 e6 2. c4 Nf6 3. Nc3 Bb4 4. Nf3 Bxc3+ 5. bxc3 d6 6. Qc2 c5 7. e4 e5 8. d5 Nbd7 9. Bd3 h6 10. 0-0 g5 11. Ne1 Nf8 12. g3 Bh3 13. Ng2 Ng6 14. Rb1 Qd7 15. Qb3 0-0-0 16. a4 Rhg8 17. a5 Nf4 18. Bxf4 gxf4 19. a6 b6 20. Qa2 Bxg2 21. Kxg2 f3+ 22. Kxf3 Qh3 23. Ke2 Kb8 24. Qa4 Rc8 25. Rb2 Rc7 26. Rfb1 Nd7 27. Qd1 f5 28. Qf1 Qh5+ 29. f3 fxe4 30. Bxe4 Qxh2+ 31. Kd3 Qxg3 32. Qh1 Nf6 33. Qxh6 Nxe4 34. Kxe4 Qg6+ 35. Qxg6 Rxg6 36. Rh2 Rf6 37. Rh8+ Rc8 38. Rbh1 Rf4+ 39. Ke3 Rxc4 40. Rxc8+ Kxc8 41. Rh8+ Kc7 42. Rh7+ Kd8 43. Rxa7 Rxc3+ 44. Ke4 Ra3 45. Ra8+ Ke7 46. a7 Kf7 47. Rd8 Rxa7 48. Rxd6 Rb7 49. Kxe5 b5 0-1

[Event "Titled Tuesday intern op 25th Apr Early"]
[Site "Chess.com INT"]
[Date "2023.04.25"]
[Round "6"]
[White "Barwinska, Ewa"]
[Black "Medina Paz, Miguel"]
[Result "1-0"]
[WhiteElo "1914"]
[BlackElo "2368"]
[PlyCount "95"]
[EventDate "2023.04.25"]
[EventType "swiss (blitz)"]
[EventRounds "11"]
[EventCountry "USA"]
[SourceTitle "EXT 2024"]
[Source "ChessBase"]
[SourceDate "2023.10.10"]
[SourceVersion "1"]
[SourceVersionDate "2023.10.10"]
[SourceQuality "1"]

1. e4 e6 2. d4 d5 3. Nc3 Bb4 4. e5 c5 5. a3 Bxc3+ 6. bxc3 Ne7 7. Bd3 Nbc6 8. Nf3 Qa5 9. Bd2 c4 10. Be2 Bd7 11. Rb1 0-0-0 12. Qc1 f6 13. Qb2 Qc7 14. exf6 gxf6 15. Bf4 Qb6 16. Qxb6 axb6 17. Rxb6 Ng6 18. Bg3 e5 19. dxe5 fxe5 20. Ng5 Rdf8 21. 0-0 h6 22. Nf3 e4 23. Nd4 Nxd4 24. cxd4 Bc6 25. Bg4+ Kd8 26. Rfb1 h5 27. Be2 h4 28. Bd6 Rf6 29. Bc5 Nf4 30. Bg4 Rg8 31. h3 Rxg4 32. hxg4 Rg6 33. f3 Kd7 34. a4 Ne2+ 35. Kf2 Nc3 36. Rxb7+ Bxb7 37. Rxb7+ Kc8 38. Rh7 Re6 39. Rh8+ Kb7 40. Rh7+ Kc8 41. Rh8+ Kb7 42. Rh7+ Ka8 43. Re7 e3+ 44. Ke1 h3 45. Rxe6 hxg2 46. Re8+ Kb7 47. Re7+ Ka6 48. Ra7# 1-0

[Event "Titled Tuesday intern op 21st Mar Late"]
[Site "Chess.com INT"]
[Date "2023.03.21"]
[Round "1"]
[White "Medina Paz, Miguel"]
[Black "Cueto, Jose"]
[Result "1-0"]
[WhiteElo "2368"]
[BlackElo "2116"]
[PlyCount "83"]
[EventDate "2023.03.21"]
[EventType "swiss (blitz)"]
[EventRounds "11"]
[EventCountry "USA"]
[SourceTitle "EXT 2024"]
[Source "ChessBase"]
[SourceDate "2023.10.10"]
[SourceVersion "1"]
[SourceVersionDate "2023.10.10"]
[SourceQuality "1"]

1. e4 e6 2. d4 d5 3. Nd2 Nc6 4. exd5 exd5 5. c3 Bd6 6. Bd3 Nge7 7. Ne2 Be6 8. 0-0 Qd7 9. Nf3 h6 10. Bf4 0-0-0 11. b4 Ng6 12. Bxd6 Qxd6 13. Bxg6 fxg6 14. b5 Ne7 15. Ne5 Rhf8 16. a4 g5 17. Qd2 Bf5 18. a5 Ng6 19. f4 gxf4 20. Nxg6 Qxg6 21. Nxf4 Qg5 22. Rf2 Be4 23. Ne6 Rxf2 24. Qxf2 Qg6 25. Nxd8 Kxd8 26. Rf1 Ke7 27. Qf8+ Ke6 28. Qc8+ Kd6 29. Qf8+ Ke6 30. Rf2 b6 31. axb6 axb6 32. h3 h5 33. Qg8+ Ke7 34. Qc8 Kd6 35. Qa8 Qg3 36. Qc6+ Ke7 37. Qa8 Qxc3 38. Qf8+ Ke6 39. Qxg7 Qc1+ 40. Kh2 Qg5 41. Qf7+ Kd6 42. Rf6+ 1-0

[Event "Titled Tuesday intern op 21st Mar Late"]
[Site "Chess.com INT"]
[Date "2023.03.21"]
[Round "6"]
[White "Medina Paz, Miguel"]
[Black "Mahdavi, Reza"]
[Result "1-0"]
[WhiteElo "2368"]
[BlackElo "2324"]
[PlyCount "101"]
[EventDate "2023.03.21"]
[EventType "swiss (blitz)"]
[EventRounds "11"]
[EventCountry "USA"]
[SourceTitle "EXT 2024"]
[Source "ChessBase"]
[SourceDate "2023.10.10"]
[SourceVersion "1"]
[SourceVersionDate "2023.10.10"]
[SourceQuality "1"]

1. d4 Nf6 2. c4 g6 3. Nc3 d6 4. e4 Bg7 5. Nf3 0-0 6. Be2 Nbd7 7. 0-0 e5 8. d5 Nc5 9. Qc2 a5 10. Bg5 h6 11. Be3 Nfd7 12. Nd2 f5 13. f3 f4 14. Bf2 g5 15. b3 b6 16. a3 Nf6 17. b4 Ncd7 18. bxa5 Rxa5 19. Nb3 Ra8 20. a4 Qe8 21. Nb5 Qd8 22. a5 Ba6 23. axb6 Nxb6 24. c5 Nbd7 25. c6 Nb6 26. Nxc7 Bxe2 27. Ne6 Rxa1 28. Rxa1 Qb8 29. Nxf8 Nbxd5 30. c7 Nxc7 31. Ng6 Bb5 32. Rc1 Ne6 33. Qc8+ Qxc8 34. Rxc8+ Kf7 35. Nh8+ Bxh8 36. Rxh8 Ng8 37. Rh7+ Ng7 38. Na5 Bd7 39. Nb7 Be6 40. Nd8+ Kg6 41. Rxg7+ Kxg7 42. Nxe6+ Kf6 43. Nc7 Ne7 44. Kf1 h5 45. h3 Nc6 46. Ke2 Nd8 47. Kd3 Nf7 48. Kc4 Nh6 49. Kd5 Nf7 50. Ne8+ Ke7 51. Nxd6 1-0

[Event "Japfa m (Women)"]
[Site "Jakarta"]
[Date "2022.09.12"]
[Round "4"]
[White "Medina Paz, Miguel"]
[Black "Gong, Qianyun"]
[Result "0-1"]
[WhiteElo "2383"]
[BlackElo "2271"]
[PlyCount "86"]
[EventDate "2022.09.10"]
[EventType "match"]
[EventRounds "6"]
[EventCountry "INA"]
[SourceTitle "CBM 210 Extra"]
[Source "ChessBase"]
[SourceDate "2022.11.30"]
[SourceVersion "1"]
[SourceVersionDate "2022.11.30"]
[SourceQuality "1"]

1. e4 c6 2. d4 d5 3. Nd2 dxe4 4. Nxe4 Nf6 5. Ng3 h5 6. h4 c5 7. dxc5 Qxd1+ 8. Kxd1 e6 9. Bb5+ Bd7 10. Bxd7+ Nfxd7 11. Nf3 Nc6 12. Ke2 Nxc5 13. Rd1 Be7 14. a4 Rc8 15. Be3 Nb4 16. Bxc5 Rxc5 17. c3 Nd5 18. Ne4 Rc7 19. g3 0-0 20. Ne5 Rfc8 21. Rd2 a6 22. c4 Nf6 23. Nd6 Bxd6 24. Rxd6 Rc5 25. f4 Ne4 26. Rd3 f6 27. b4 R5c7 28. Kf3 Nxg3 29. Nd7 Nf5 30. Nb6 Re8 31. Ke4 g6 32. Rh1 e5 33. Rh2 exf4+ 34. Kxf4 Rce7 35. Nd5 Re4+ 36. Kf3 Kf7 37. c5 Nxh4+ 38. Kg3 Nf5+ 39. Kf3 Nd4+ 40. Kg3 R8e5 41. Nf4 Rg5+ 42. Kf2 Rxf4+ 43. Ke3 Rgg4 0-1

[Event "Japfa m (Women)"]
[Site "Jakarta"]
[Date "2022.09.10"]
[Round "1"]
[White "Gong, Qianyun"]
[Black "Medina Paz, Miguel"]
[Result "1/2-1/2"]
[WhiteElo "2271"]
[BlackElo "2383"]
[PlyCount "105"]
[EventDate "2022.09.10"]
[EventType "match"]
[EventRounds "6"]
[EventCountry "INA"]
[SourceTitle "CBM 210 Extra"]
[Source "ChessBase"]
[SourceDate "2022.11.30"]
[SourceVersion "1"]
[SourceVersionDate "2022.11.30"]
[SourceQuality "1"]

1. e4 e6 2. d4 d5 3. e5 c5 4. c3 Qb6 5. Nf3 Bd7 6. Bd3 Bb5 7. dxc5 Bxc5 8. b4 Be7 9. Be3 Qa6 10. Bc2 Bc4 11. a4 Nd7 12. Na3 Rc8 13. Bd4 Nh6 14. Nxc4 Qxc4 15. Bd3 Qc7 16. 0-0 a6 17. a5 0-0 18. Re1 Kh8 19. Qd2 Qd8 20. h3 Nb8 21. Rad1 Nc6 22. Bb6 Qd7 23. Bb1 Ng8 24. Qd3 g6 25. Ba2 f6 26. exf6 Bxf6 27. Bc5 Rfe8 28. Qe3 Qg7 29. c4 dxc4 30. Bxc4 Bc3 31. Re2 Bxb4 32. Bxb4 Nxb4 33. Bxe6 Rc3 34. Qf4 Nd3 35. Qa4 Re7 36. Nd4 Nf4 37. Re4 Qf6 38. Qa1 Rd3 39. Rxd3 Nxd3 40. Qa2 Nc5 41. Re3 Qxd4 42. Bxg8 Rxe3 43. fxe3 Qxe3+ 44. Kh1 Qe1+ 45. Kh2 Qe5+ 46. Kh1 Ne4 47. Bc4 Kg7 48. Qb3 Nc5 49. Qf3 Qf5 50. Qc3+ Kh6 51. Qe3+ Qg5 52. Qd4 Qf5 53. Qe3+ 1/2-1/2

[Event "Carlos Torre Memorial op 27th"]
[Site "Merida"]
[Date "2015.12.18"]
[Round "4"]
[White "Medina Paz, Miguel"]
[Black "Bacallao Alonso, Yusnel"]
[Result "0-1"]
[WhiteElo "2401"]
[BlackElo "2525"]
[PlyCount "60"]
[EventDate "2015.12.17"]
[EventType "swiss"]
[EventRounds "9"]
[EventCountry "MEX"]
[SourceTitle "EXT 2017"]
[Source "ChessBase"]
[SourceDate "2016.10.25"]
[SourceVersion "1"]
[SourceVersionDate "2016.10.25"]
[SourceQuality "1"]

1. d4 Nf6 2. c4 e6 3. Nf3 b6 4. e3 Bb7 5. Bd3 d5 6. 0-0 Bd6 7. Nc3 0-0 8. cxd5 exd5 9. Ne5 c5 10. Bd2 Nc6 11. Nxc6 Bxc6 12. a4 a6 13. Qf3 Qc7 14. h3 c4 15. Bc2 b5 16. axb5 axb5 17. Rxa8 Rxa8 18. e4 dxe4 19. Nxe4 Bxe4 20. Bxe4 Nxe4 21. Qxe4 Rc8 22. Rc1 Qd7 23. Kf1 Bf8 24. Be3 b4 25. d5 Qb5 26. Kg1 c3 27. Bd4 Re8 28. Qf3 cxb2 29. Bxb2 Qe2 30. Qb3 Qd2 0-1

[Event "La Libertad zt 2.3"]
[Site "La Libertad"]
[Date "2015.04.06"]
[Round "9"]
[White "Medina Paz, Miguel"]
[Black "Santos Flores, Alberto Javier"]
[Result "1/2-1/2"]
[WhiteElo "2391"]
[BlackElo "2295"]
[PlyCount "65"]
[EventDate "2015.03.31"]
[EventType "swiss"]
[EventRounds "9"]
[EventCountry "ECU"]
[SourceTitle "CBM 165 Extra"]
[Source "ChessBase"]
[SourceDate "2015.04.21"]
[SourceVersion "1"]
[SourceVersionDate "2015.04.21"]
[SourceQuality "1"]

1. d4 d5 2. Nf3 c6 3. c4 Nf6 4. cxd5 cxd5 5. Nc3 Nc6 6. Bf4 a6 7. Rc1 Ne4 8. a3 Nxc3 9. Rxc3 Bf5 10. e3 e6 11. Ne5 Nxe5 12. Bxe5 f6 13. Bc7 Qd7 14. Qb3 b5 15. Be2 Be7 16. 0-0 0-0 17. Rfc1 Rfc8 18. h3 Bg6 19. Bg3 Bd8 20. Qb4 Be8 21. Bd3 Bg6 22. Be2 Be8 23. Kh2 Bg6 24. Rc5 Be8 25. Qc3 Rxc5 26. dxc5 Bc7 27. Bxc7 Qxc7+ 28. Kg1 Bc6 29. Rd1 a5 30. f4 Qb7 31. Bg4 Kf7 32. Rd4 Qe7 33. e4 1/2-1/2

[Event "La Libertad zt 2.3"]
[Site "La Libertad"]
[Date "2015.04.03"]
[Round "5"]
[White "Guerra Tulcan, Lenin"]
[Black "Medina Paz, Miguel"]
[Result "1/2-1/2"]
[WhiteElo "2360"]
[BlackElo "2391"]
[PlyCount "21"]
[EventDate "2015.03.31"]
[EventType "swiss"]
[EventRounds "9"]
[EventCountry "ECU"]
[SourceTitle "CBM 165 Extra"]
[Source "ChessBase"]
[SourceDate "2015.04.21"]
[SourceVersion "1"]
[SourceVersionDate "2015.04.21"]
[SourceQuality "1"]

1. e4 e6 2. d4 d5 3. Nd2 Nf6 4. e5 Nfd7 5. Bd3 c5 6. c3 Nc6 7. Ne2 cxd4 8. cxd4 f6 9. exf6 Nxf6 10. Nf3 Bd6 11. 0-0 1/2-1/2

[Event "Latin Cup 5th"]
[Site "Duran"]
[Date "2014.12.30"]
[Round "8"]
[White "Barros Rivadeneira, Cristhian"]
[Black "Medina Paz, Miguel"]
[Result "1/2-1/2"]
[WhiteElo "2346"]
[BlackElo "2395"]
[PlyCount "25"]
[EventDate "2014.12.26"]
[EventType "swiss"]
[EventRounds "9"]
[EventCountry "ECU"]
[SourceTitle "CBM 164 Extra"]
[Source "ChessBase"]
[SourceDate "2015.03.02"]
[SourceVersion "1"]
[SourceVersionDate "2015.03.02"]
[SourceQuality "1"]

1. c4 c5 2. g3 g6 3. Bg2 Bg7 4. Nc3 Nc6 5. Nf3 e5 6. 0-0 Nge7 7. d3 d6 8. a3 0-0 9. Rb1 a5 10. Ne1 Be6 11. Nd5 Rb8 12. Nxe7+ Nxe7 13. b4 1/2-1/2